Lập trình Delphi 5.0 : Cơ bản và nâng cao(Bài tập)

Enregistré dans:
Détails bibliographiques
Auteur principal: Không rõ
Format: Livre
Langue:Vietnamese
Publié: GTVT 2001
Tags: Ajouter un tag
Pas de tags, Soyez le premier à ajouter un tag!
Thư viện lưu trữ: Mạng thư viện Đại học Đà Nẵng
LEADER 00610nam a2200265 4500
001 000027663
003 LD
005 20150406120000.0
008 150406s vm 000 vie
020 |c 0,0000 
040 |a notts 
100 |a Không rõ 
245 |a Lập trình Delphi 5.0 : Cơ bản và nâng cao(Bài tập) 
260 |b GTVT  |c 2001 
OWN |a LTT 
999 |a From the UDN01 
TYP |a Monograph 
TYP |a Printed language 
980 |a Mạng thư viện Đại học Đà Nẵng